000 00693cac a2200229 a 4500
003 CO-PeBPM
005 20250224195801.0
007 ta
008 231129s1975||||ck ||||||||||||| ||spa||
020 _a8402034918
040 _aCO-PeBPM
_bspa
_cCO-PeBPM
_erda
041 _aspa
082 0 4 _a133.3 A116p
_222
100 1 0 _aAbad, Juan N.
_eautor
245 1 0 _aLas profecías modernas
_b: De Nostradamus a hoy
_c/ Juan N. Abad
250 _aSegunda edición
260 _aBarcelona, España
_b: Bruguera
_c, 1975
300 _a219 páginas
_c17 centímetros
500 _aIncluye índice al final del texto
650 1 4 _aProfecias
_2LEMB
942 _2ddc
_cBK
999 _c18927
_d18927